[Event "Olympiad Women-45"]
[Site "Budapest"]
[Date "2024.09.22"]
[Round "11.2"]
[White "Likando, Namakau"]
[Black "Steil Antoni, Fiona"]
[Result "0-1"]
[WhiteElo "1746"]
[BlackElo "2085"]
[PlyCount "106"]
[EventDate "2024.09.11"]
[EventType "team-swiss"]
[EventRounds "11"]
[EventCountry "HUN"]
[SourceTitle "EXT 2025"]
[Source "ChessBase"]
[SourceDate "2024.10.14"]
[SourceVersion "1"]
[SourceVersionDate "2024.10.14"]
[SourceQuality "1"]
[WhiteTeam "Zambia (W)"]
[BlackTeam "Luxembourg (W)"]
[WhiteTeamCountry "ZAM"]
[BlackTeamCountry "LUX"]

1. e4 c6 2. d4 g6 3. Nf3 Bg7 4. Bc4 d5 5. exd5 cxd5 6. Bb5+ Bd7 7. Bxd7+ Nxd7 8. c3 e6 9. Bg5 Qc7 10. 0-0 Ngf6 11. Nbd2 0-0 12. Re1 b5 13. Qb3 Rfb8 14. a3 a5 15. Rac1 Qa7 16. Bf4 Rb7 17. Qc2 Nb6 18. Ne5 Nc4 19. Ndxc4 bxc4 20. Rb1 Rb3 21. h3 Qb7 22. Nf3 Ne4 23. Nd2 Nxd2 24. Bxd2 Ra6 25. Bc1 Rab6 26. Ra1 Bf8 27. Qe2 Bd6 28. Qf3 a4 29. Qg4 Rxb2 30. Bxb2 Rxb2 31. Qd1 Rb3 32. Qc2 Bxa3 33. Ra2 Qb5 34. Re3 Rb2 35. Rxb2 Bxb2 36. Qe2 a3 37. Rxe6 fxe6 38. Qxe6+ Kf8 39. Qf6+ Ke8 40. Qh8+ Kd7 41. Qxh7+ Kc8 42. Qg8+ Kb7 43. Qf7+ Ka6 44. Qf8 Bxc3 45. Qxa3+ Ba5 46. Qd6+ Bb6 47. Qxg6 c3 48. Qg8 Qc6 49. Qf8 c2 50. Qa3+ Ba5 51. Qd3+ Ka7 52. g3 c1Q+ 53. Kg2 Q6c2 0-1

[Event "Olympiad Women-45"]
[Site "Budapest"]
[Date "2024.09.16"]
[Round "6.53"]
[White "Likando, Namakau"]
[Black "Cadeau, Merisena"]
[Result "0-1"]
[WhiteElo "1746"]
[BlackElo "1671"]
[PlyCount "128"]
[EventDate "2024.09.11"]
[EventType "team-swiss"]
[EventRounds "11"]
[EventCountry "HUN"]
[SourceTitle "EXT 2025"]
[Source "ChessBase"]
[SourceDate "2024.10.14"]
[SourceVersion "1"]
[SourceVersionDate "2024.10.14"]
[SourceQuality "1"]
[WhiteTeam "Zambia (W)"]
[BlackTeam "Haiti (W)"]
[WhiteTeamCountry "ZAM"]
[BlackTeamCountry "HAI"]

1. e4 c5 2. Nf3 Nc6 3. c3 d6 4. Bc4 Nf6 5. d3 g6 6. Bg5 Bg7 7. a3 a5 8. a4 0-0 9. h3 b6 10. Qd2 Re8 11. 0-0 Bb7 12. Na3 Nd7 13. Nb5 Nde5 14. Nxe5 Nxe5 15. Ba2 Qd7 16. d4 cxd4 17. cxd4 Nc6 18. Rac1 Rec8 19. Bh6 Bh8 20. Qf4 Qe8 21. Rfd1 Nxd4 22. Rxc8 Rxc8 23. Nxd4 e5 24. Qg3 exd4 25. Qxd6 Qxe4 26. f3 Qe2 27. Bb3 Qe5 28. Qxb6 Bc6 29. Qa7 Qf5 30. Re1 Bd5 31. Bxd5 Qxd5 32. Qe7 Qd8 33. Qe2 d3 34. Qd2 Qb6+ 35. Be3 Qb4 36. Qd1 Rc2 37. Bh6 Bd4+ 38. Kh1 Qxa4 39. Qxd3 Rxb2 40. Re8+ Qxe8 41. Qxd4 Rb1+ 42. Kh2 f6 43. Qd5+ Kh8 44. Qxa5 Qe5+ 45. Qxe5 fxe5 46. Kg3 Kg8 47. Bg5 Kf7 48. Kh2 Rb2 49. Kg3 Ke6 50. Kh2 Kf5 51. Be3 Re2 52. Bg1 Kf4 53. Ba7 h5 54. Bb6 g5 55. Bc7 g4 56. hxg4 hxg4 57. fxg4 Kxg4 58. Kg1 e4 59. Kf1 Rc2 60. Bb6 Kg3 61. Ba7 Rxg2 62. Bd4 Kf3 63. Ke1 e3 64. Kf1 Rc2 0-1

[Event "Olympiad Women-45"]
[Site "Budapest"]
[Date "2024.09.15"]
[Round "5.38"]
[White "Silva, Mariana Sofia Teixe"]
[Black "Likando, Namakau"]
[Result "1-0"]
[WhiteElo "2005"]
[BlackElo "1746"]
[PlyCount "95"]
[EventDate "2024.09.11"]
[EventType "team-swiss"]
[EventRounds "11"]
[EventCountry "HUN"]
[SourceTitle "EXT 2025"]
[Source "ChessBase"]
[SourceDate "2024.10.14"]
[SourceVersion "1"]
[SourceVersionDate "2024.10.14"]
[SourceQuality "1"]
[WhiteTeam "Portugal (W)"]
[BlackTeam "Zambia (W)"]
[WhiteTeamCountry "POR"]
[BlackTeamCountry "ZAM"]

1. d4 d5 2. c4 e6 3. Nc3 c6 4. cxd5 exd5 5. Bf4 Bd6 6. Bxd6 Qxd6 7. e3 Nf6 8. Bd3 Nbd7 9. Nf3 Nb6 10. h3 h6 11. 0-0 Be6 12. Qc2 0-0 13. Rab1 Nbd7 14. b4 a6 15. a4 Rfc8 16. Rfc1 b5 17. a5 Ne8 18. Ne2 Qb8 19. Nf4 Nd6 20. Nxe6 fxe6 21. Qc3 Nc4 22. Bc2 Nf6 23. Nd2 Qc7 24. f3 Qg3 25. Nf1 Qc7 26. Qd3 g5 27. e4 Qg7 28. Ng3 Qf7 29. e5 Ne8 30. Rf1 Rc7 31. f4 gxf4 32. Ne2 Qf5 33. Qc3 Qg5 34. Rxf4 Rg7 35. Qf3 Nc7 36. Rf1 Qe7 37. Qc3 Qg5 38. R1f2 Rd8 39. Kh1 h5 40. Qf3 Qe7 41. Qxh5 Qg5 42. Bh7+ Kh8 43. Rf8+ Rg8 44. Qxg5 Rdxf8 45. Rxf8 Rxf8 46. Qh6 Rf1+ 47. Kh2 Re1 48. Bg6+ 1-0

[Event "Olympiad Women-44"]
[Site "Chennai"]
[Date "2022.08.09"]
[Round "11.4"]
[White "Likando, Namakau"]
[Black "Naira, Sinoia"]
[Result "1-0"]
[WhiteElo "1544"]
[BlackElo "1116"]
[PlyCount "61"]
[EventDate "2022.07.29"]
[EventType "team-swiss"]
[EventRounds "11"]
[EventCountry "IND"]
[SourceTitle "CBM 210"]
[Source "ChessBase"]
[SourceDate "2022.10.31"]
[SourceVersion "1"]
[SourceVersionDate "2022.10.31"]
[SourceQuality "1"]
[WhiteTeam "Zambia (W)"]
[BlackTeam "Mozambique (W)"]
[WhiteTeamCountry "ZAM"]
[BlackTeamCountry "MOZ"]

1. e4 e5 2. d4 exd4 3. Qxd4 Nc6 4. Qa4 Nf6 5. Nf3 Bc5 6. Bd3 d6 7. h3 Bd7 8. Qb3 0-0 9. c3 Bb6 10. Bg5 h6 11. Bh4 Ne5 12. Be2 g5 13. Bg3 Nxe4 14. Nbd2 Nxf3+ 15. Bxf3 Nxg3 16. fxg3 Qe7+ 17. Kd1 Rfe8 18. g4 Rab8 19. Kc2 Bc6 20. Rae1 Qf6 21. Kb1 Be3 22. Bxc6 bxc6 23. Rxe3 Rxe3 24. Qxb8+ Kg7 25. Nf3 Re2 26. Qxa7 Qg6+ 27. Ka1 Qc2 28. Qb7 Rxg2 29. a3 Rg3 30. Nd4 Qd3 31. Nf5+ 1-0

[Event "Olympiad Women-44"]
[Site "Chennai"]
[Date "2022.08.07"]
[Round "9.4"]
[White "Shih, Ching An"]
[Black "Likando, Namakau"]
[Result "1-0"]
[WhiteElo "1582"]
[BlackElo "1544"]
[PlyCount "79"]
[EventDate "2022.07.29"]
[EventType "team-swiss"]
[EventRounds "11"]
[EventCountry "IND"]
[SourceTitle "CBM 210"]
[Source "ChessBase"]
[SourceDate "2022.10.31"]
[SourceVersion "1"]
[SourceVersionDate "2022.10.31"]
[SourceQuality "1"]
[WhiteTeam "Chinese Taipei (W)"]
[BlackTeam "Zambia (W)"]
[WhiteTeamCountry "TPE"]
[BlackTeamCountry "ZAM"]

1. Nf3 Nf6 2. d4 e6 3. g3 d5 4. Bg2 Be7 5. 0-0 0-0 6. Nbd2 c5 7. c3 Nc6 8. b3 cxd4 9. cxd4 Bd7 10. Bb2 Rc8 11. Ne5 Qb6 12. Nxd7 Nxd7 13. Nf3 Bf6 14. e3 Rc7 15. Ba3 Rfc8 16. Bd6 Nb4 17. Bxc7 Rxc7 18. a3 Nc6 19. b4 a6 20. Rc1 Rc8 21. Qd3 Rd8 22. Rfd1 Be7 23. h4 h6 24. Qc2 Qa7 25. Qb3 f5 26. Ne1 Qb6 27. Qc3 Qa7 28. Nd3 Nb6 29. Nc5 Kf7 30. Nxb7 Rc8 31. Nc5 Rc7 32. Qd3 Nc4 33. Bxd5 exd5 34. Qxf5+ Ke8 35. Qh5+ Kd8 36. Ne6+ Kd7 37. Nxc7 Qxc7 38. Qxd5+ Nd6 39. Rc5 Qb8 40. Qxc6+ 1-0

[Event "Olympiad Women-44"]
[Site "Chennai"]
[Date "2022.08.06"]
[Round "8.4"]
[White "Likando, Namakau"]
[Black "Mefteh, Meyssem"]
[Result "0-1"]
[WhiteElo "1544"]
[BlackElo "1254"]
[PlyCount "82"]
[EventDate "2022.07.29"]
[EventType "team-swiss"]
[EventRounds "11"]
[EventCountry "IND"]
[SourceTitle "CBM 210"]
[Source "ChessBase"]
[SourceDate "2022.10.31"]
[SourceVersion "1"]
[SourceVersionDate "2022.10.31"]
[SourceQuality "1"]
[WhiteTeam "Zambia (W)"]
[BlackTeam "Tunisia (W)"]
[WhiteTeamCountry "ZAM"]
[BlackTeamCountry "TUN"]

1. e4 c5 2. Nf3 d6 3. d4 cxd4 4. Nxd4 Nf6 5. Nc3 Nc6 6. Be2 Bd7 7. 0-0 g6 8. Be3 Bg7 9. Kh1 0-0 10. f4 Rc8 11. Qd2 a6 12. f5 Ne5 13. h3 b5 14. Bd3 Nc4 15. Qc1 Ne5 16. a3 Bc6 17. Nxc6 Rxc6 18. Qe1 Nc4 19. Rb1 Nd7 20. Nd1 Nde5 21. Qe2 Qc7 22. c3 Rd8 23. Bd4 Nxd3 24. Qxd3 d5 25. Nf2 dxe4 26. Nxe4 gxf5 27. Qg3 Qxg3 28. Nxg3 Nd2 29. Nxf5 Bf8 30. Rf4 Nxb1 31. Rg4+ Rg6 32. Re4 Nd2 33. Nxe7+ Bxe7 34. Rxe7 Nb3 35. Bg1 Rd1 36. Kh2 Rd2 37. Re8+ Kg7 38. Ba7 Rgxg2+ 39. Kh1 Rh2+ 40. Kg1 Rdg2+ 41. Kf1 Nd2+ 0-1